[Verejné rozpočty. Vybrané problémy]

Recenzia na monografiu, ktorá obsahuje teoretické ako aj praktické okruhy, ktoré charakterizujú vzťahy a väzby rozpočtovej teórie a politiky, rovnako aj rozpočtovej teórie a praxe. Jednotlivé kapitoly diela Verejné rozpočty sa zameriavajú na vybrané problémy, ako v podmienkach Slovenskej republiky,...

Descripción completa

Guardado en:
Detalles Bibliográficos
Autor principal: Kušnírová, Jana, 1977-
Formato: Capítulo de libro
Lenguaje:eslovaco
Materias:
Etiquetas: Agregar Etiqueta
Sin Etiquetas, Sea el primero en etiquetar este registro!

MARC

LEADER 00000nla a2200000 4500
001 0210350
005 20240502073512.9
041 0 |a slo 
044 |a SK 
245 1 0 |a [Verejné rozpočty. Vybrané problémy]  |c Jana Kušnírová 
520 |a Recenzia na monografiu, ktorá obsahuje teoretické ako aj praktické okruhy, ktoré charakterizujú vzťahy a väzby rozpočtovej teórie a politiky, rovnako aj rozpočtovej teórie a praxe. Jednotlivé kapitoly diela Verejné rozpočty sa zameriavajú na vybrané problémy, ako v podmienkach Slovenskej republiky, tak aj vo vybraných štátoch Európskej únie. 
610 2 0 |a recenzie 
610 2 0 |a Slovensko 
610 2 0 |a rozpočet štátny 
610 2 0 |a Európska únia 
610 2 0 |a rozpočty verejné 
100 1 |a Kušnírová, Jana, 1977-